| 000 | 01154cam a2200325 i 4500 | ||
|---|---|---|---|
| 001 | 015991090 | ||
| 003 | EG-ScBUE | ||
| 005 | 20230710101335.0 | ||
| 008 | 111128s2012 enka f bd 001 0 eng d | ||
| 020 | _a0521732980 (pbk.) | ||
| 020 | _a9780521732987 (pbk.) | ||
| 040 |
_aStDuBDS _beng _erda _cStDuBDS _dEG-ScBUE |
||
| 043 |
_aa------ _af------ |
||
| 082 | 0 | 4 |
_a909.09767 _bLAP _222 |
| 100 | 1 |
_aLapidus, Ira M. _q(Ira Marvin) _eauthor. _912392 |
|
| 245 | 1 | 0 |
_aIslamic societies to the nineteenth century : _ba global history / _cIra M. Lapidus, University of California, Berkeley. |
| 264 | 1 |
_aCambridge : _bCambridge University Press, _c2012. |
|
| 300 |
_axxxv, 758 pages : _billustrations ; _c24 cm |
||
| 336 |
_2rdacontent _atext _btxt |
||
| 337 |
_2rdamedia _aunmediated _bn |
||
| 338 |
_2rdacarrier _avolume _bnc |
||
| 500 | _aIncludes glossary. | ||
| 504 | _aIncludes bibliographical references and index. | ||
| 650 | 7 |
_aIslamic civilization. _2BUEsh |
|
| 650 | 7 |
_aIslam _xHistory. _2BUEsh |
|
| 651 | 7 |
_aIslamic countries _xHistory. _2BUEsh _912394 |
|
| 653 |
_bBUSBOL _cJune2015 _cAugust2015 |
||
| 655 | _vReading book | ||
| 942 |
_2ddc _cBB |
||
| 999 |
_c19686 _d19658 |
||